Mapping the relevant entities of the social and solidarity economy (SSE) in the Slovak Republic

Identifikácia všetkých možných podnikov SSE podľa verejného otvoreného registra podnikateľských subjektov v SR.

Saved in:
Bibliographic Details
Main Author: Dubcová, Gabriela, 1968-
Other Authors: Grančičová, Katarína, 1967-, Gajdová, Denisa, 1977-
Format: Book Chapter
Language:English
Subjects:
Tags: Add Tag
No Tags, Be the first to tag this record!

MARC

LEADER 00000naa$a2200000$$$4500
001 0215652
005 20240522135042.7
041 0 |a eng 
044 |a DE 
245 1 0 |a Mapping the relevant entities of the social and solidarity economy (SSE) in the Slovak Republic  |c Gabriela Dubcová, Katarína Grančičová, Denisa Gajdová 
520 |a Identifikácia všetkých možných podnikov SSE podľa verejného otvoreného registra podnikateľských subjektov v SR. 
610 2 0 |a podnik sociálny 
610 2 0 |a solidarita 
610 2 0 |a ekonomika sociálna 
610 2 0 |a organizácie neziskové 
100 1 |a Dubcová, Gabriela, 1968- 
700 1 |a Grančičová, Katarína, 1967- 
700 1 |a Gajdová, Denisa, 1977-